| 000 | 004980000a22001810004500 | ||
|---|---|---|---|
| 041 | 0 | _aENG | |
| 082 | 0 | 4 | _aG 171.1 H5211c |
| 100 | 1 | _aHenry, Carl F. H. (Ferdinand Howard) (1913-) | |
| 245 | 1 | 0 | _aChristian personal ethics / Carl. F.H. Henry |
| 260 | _aGrand Rapids, MI., USA : Eerdmans | ||
| 300 | _aXI, 615 Pag. | ||
| 650 | 1 | 4 | _aETICA CRISTIANA |
| 001 | 1144 | ||
| 942 | _cBK | ||
| 999 |
_c32481 _d32481 |
||
| 336 |
_atexto _btxt _2rdacontent |
||
| 337 |
_2rdamedia _asin mediación _bn |
||
| 338 |
_2rdacarrier _avolumen _bnc |
||